000 00683nam a2200229 a 4500
999 _c11811
_d11811
001 11811
003 BD-JhCC
005 20201104101550.0
008 201104b2019 bg |||| ||a| 000 0 ben d
020 _a9847012008669
035 _a(BD-JhCC)11811
040 _aBD-JhCC
_dBD-JhCC
041 _aben
082 _a891.44
_bHUD 2019
100 _aহুদা, মুহম্মদ মনিরুল
245 _aনীল চশমা /
_cমুহম্মদ মনিরুল হুদা ।
260 _aঢাকা:
_bকথা প্রকাশ;
_c২০১৯.
300 _a103 p. :
_c20 cm.
650 _aScience fiction .
942 _2ddc
_cBK